<?xml version="1.0" encoding="UTF-8"?>
<record
    xmlns:xsi="http://www.w3.org/2001/XMLSchema-instance"
    xsi:schemaLocation="http://www.loc.gov/MARC21/slim http://www.loc.gov/standards/marcxml/schema/MARC21slim.xsd"
    xmlns="http://www.loc.gov/MARC21/slim">

  <leader>00356nam a2200097Ia 4500</leader>
  <controlfield tag="008">230915s9999    xx            000 0 und d</controlfield>
  <datafield tag="050" ind1=" " ind2=" ">
    <subfield code="a">K 3488 .A 4 S43 2005 </subfield>
  </datafield>
  <datafield tag="100" ind1=" " ind2=" ">
    <subfield code="a">SECRETARIAT OF THE CONVENTION ON BIOLOGICAL DIVERSITY, 2005</subfield>
  </datafield>
  <datafield tag="245" ind1=" " ind2="0">
    <subfield code="a">HANDBOOK OF THE CONVENTION ON BIOLOGICAL DIVERSITY INCLUDING ITS CARTAGENA PROTOCOL ON BIOSAFETY</subfield>
  </datafield>
  <datafield tag="942" ind1=" " ind2=" ">
    <subfield code="c">BK</subfield>
  </datafield>
  <datafield tag="999" ind1=" " ind2=" ">
    <subfield code="c">161938</subfield>
    <subfield code="d">161938</subfield>
  </datafield>
  <datafield tag="952" ind1=" " ind2=" ">
    <subfield code="0">0</subfield>
    <subfield code="1">0</subfield>
    <subfield code="2">lcc</subfield>
    <subfield code="4">0</subfield>
    <subfield code="7">0</subfield>
    <subfield code="8">REF</subfield>
    <subfield code="a">KSUL</subfield>
    <subfield code="b">KSUL</subfield>
    <subfield code="c">DISPLAY</subfield>
    <subfield code="d">2023-09-15</subfield>
    <subfield code="i">31411</subfield>
    <subfield code="l">0</subfield>
    <subfield code="o">REF. K 3488 .A4 S43 2003</subfield>
    <subfield code="p">024452</subfield>
    <subfield code="r">2023-09-15 12:10:31</subfield>
    <subfield code="t">C. 2</subfield>
    <subfield code="w">2023-09-15</subfield>
    <subfield code="y">BK</subfield>
  </datafield>
  <datafield tag="952" ind1=" " ind2=" ">
    <subfield code="0">0</subfield>
    <subfield code="1">0</subfield>
    <subfield code="2">lcc</subfield>
    <subfield code="4">0</subfield>
    <subfield code="7">0</subfield>
    <subfield code="8">REF</subfield>
    <subfield code="a">KSUL</subfield>
    <subfield code="b">KSUL</subfield>
    <subfield code="c">DISPLAY</subfield>
    <subfield code="d">2024-12-02</subfield>
    <subfield code="i">31410</subfield>
    <subfield code="l">0</subfield>
    <subfield code="o">REF. K 3488 .A4 S43 2003</subfield>
    <subfield code="p">024451</subfield>
    <subfield code="r">2024-12-02 13:32:03</subfield>
    <subfield code="t">C. 1</subfield>
    <subfield code="w">2024-12-02</subfield>
    <subfield code="y">BK</subfield>
  </datafield>
</record>
